| 000 | 00865nam a2200301Ia 4500 | ||
|---|---|---|---|
| 001 | Para_9932 | ||
| 003 | CHAP | ||
| 008 | 220125s[s.f xx 000 0 und d | ||
| 010 | _a208595 | ||
| 020 | _a978 - 958 - 736 - 027 - 631.8751 | ||
| 040 | _cCHAP | ||
| 082 | _aPA 631.875 R44 | ||
| 245 |
_aRehabilitación del suelo agrícola con compostaje / _c Felipe Durán Ramírez |
||
| 260 |
_aColombia : _b Grupo Latino |
||
| 300 | _a359 p. | ||
| 650 |
_aAbonos y fertilizantes _9175049 |
||
| 650 |
_aCompost _926105 |
||
| 650 |
_aFertilizantes orgánicos _9138942 |
||
| 650 |
_aSuelos _x Fertilidad _9110367 |
||
| 700 | 1 |
_aDurán Ramírez, Felipe _9157239 |
|
| 901 | _aPA 631.875 R44 | ||
| 902 | _aA | ||
| 905 | _a523220[s.f.] an 8000000300 06 | ||
| 910 | _a[s.f | ||
| 942 | _cPARA | ||
| 942 |
_cPARA _d1 |
||
| 999 |
_c208595 _d208595 |
||